Rimas 2 Periquito el bandolero / (Record no. 27147)

MARC details
000 -LEADER
fixed length control field 00532aam a22002055a 4500
001 - CONTROL NUMBER
control field sjds
003 - CONTROL NUMBER IDENTIFIER
control field sjds
005 - DATE AND TIME OF LATEST TRANSACTION
control field 20240204230427.0
008 - FIXED-LENGTH DATA ELEMENTS--GENERAL INFORMATION
fixed length control field 230208b |||||||| |||| 00| 0 spa d
020 ## - INTERNATIONAL STANDARD BOOK NUMBER
International Standard Book Number 7509965892604
020 ## - INTERNATIONAL STANDARD BOOK NUMBER
International Standard Book Number 9789686048612
020 ## - INTERNATIONAL STANDARD BOOK NUMBER
International Standard Book Number 9686048618
040 ## - CATALOGING SOURCE
Transcribing agency sjds
041 ## - LANGUAGE CODE
Language code of text/sound track or separate title spa
100 ## - MAIN ENTRY--PERSONAL NAME
Personal name Suarez, Maribel
245 ## - TITLE STATEMENT
Title Rimas 2 Periquito el bandolero /
Statement of responsibility, etc. Maribel Saurez
260 ## - PUBLICATION, DISTRIBUTION, ETC. (IMPRINT)
Place of publication, distribution, etc. Mexico, D.F. :
Name of publisher, distributor, etc. SITESA,
Date of publication, distribution, etc. c1989
300 ## - PHYSICAL DESCRIPTION
Extent 1 volume (unpaged) :
Other physical details color illustrations ;
Dimensions 19 cm
942 ## - ADDED ENTRY ELEMENTS (KOHA)
Koha item type Libro/Book
Holdings
Withdrawn status Lost status Damaged status Not for loan Home library Current library Date acquired Total Checkouts Barcode Date last seen Date checked out Price effective from Koha item type Inventory number Full call number Checked out
        Capulin -- Satellite Capulin -- Satellite 01/02/2023   35100367 01/02/2023   01/02/2023 Reference Inventory date: 7/7/25    
        San Juan Del Sur -- Mobile Collado 04/02/2024 2 33016276 04/09/2024 31/07/2024 04/02/2024 Reference      
        Genizero -- Satellite Genizero -- Satellite 01/02/2023   35601767 01/02/2023   01/02/2023 Reference Inventory date: 7/7/25    
        Las Pampas -- Satellite Las Pampas -- Satellite 02/02/2023   35701613 02/02/2023   02/02/2023 Reference inventory date: 17-1-25 JFI  
        San Juan Del Sur -- Biblioteca San Juan Del Sur -- Biblioteca 23/06/2022 1 30028812 16/11/2023 08/11/2023 23/06/2022 Libro/Book      
        San Juan Del Sur -- Mobile San Juan Del Sur -- Biblioteca 04/02/2024 1 33016284 19/03/2024 19/03/2024 04/02/2024 Reference     23/04/2024
        Zaragoza -- Satellite Zaragoza -- Satellite 02/02/2023   35500968 02/02/2023   02/02/2023 Reference      

Powered by Koha